| 000 | 00544nam a2200193 a 4500 | ||
|---|---|---|---|
| 005 | 20210223122705.0 | ||
| 008 | 991125s1974 mx 000 0 spa u | ||
| 035 | _aUPN01000039888 | ||
| 049 | _aCG | ||
| 050 | 4 |
_aHC59 _bK3.4 |
|
| 100 | 1 |
_aKaplan, Marcos _928812 |
|
| 245 | 1 | 0 |
_aModelos mundiales y participación social / _cMarcos Kaplan. |
| 260 |
_aMéxico : _bFCE, _c1974. |
||
| 300 | _a123 p. | ||
| 440 | 0 |
_aArchivo del fondo ; _v24 |
|
| 650 | 4 |
_aHISTORIA ECONOMICA - _y1945- |
|
| 650 | 4 |
_aHISTORIA SOCIAL - _y1945- _925568 |
|
| 905 | _aLibro | ||
| 999 |
_c39888 _d39888 |
||